000 00481nam a2200181Ia 4500
003 IIN
005 20240201165131.0
008 231217s9999 xx 000 0 und d
020 _cRs.975.00
_a9788131249093
040 _aIIN
_bEnglish
082 _a610.73
_bKAU
100 1 _aKaushik, Annu
245 1 _aQuick Review Series for BSc Nursing 1st Year
_cAnnu Kaushik
260 _bElsevier
_aNew Delhi
_c2018
300 _axviii, 552 p.
650 1 _aQuestion Solved
942 _cBOOK
999 _c749
_d749